Pokemon By Picture - Statistics

General Stats
  • This quiz has been taken 64 times
  • The average score is 13 of 16
Answer Stats
Picture Answer % Correct
Rattata
95%
Zapdos
90%
Beedrill
86%
Geodude
86%
Weedle
86%
Umbreon
85%
Wartortle
85%
Ekans
83%
Lapras
81%
Magmar
81%
Articuno
76%
Caterpie
76%
Espeon
76%
Machoke
75%
Ninetales
75%
Growlithe
73%
No matching quizzes found
Score Distribution
Percent of People with Each Score
Percentile by Number Answered
Your Score History
You have not taken this quiz